000 01379cam a22003494a 4500
001 16909146
003 OSt
005 20180116192410.0
008 110808s2012 njua b 001 0 eng
010 _a 2011033592
016 7 _a015986129
_2Uk
020 _a9780470900093 (pbk.)
020 _a0470900091 (pbk.)
035 _a(OCoLC)ocn747331908
040 _aDLC
_beng
_cDLC
_dYDX
_dBTCTA
_dUKMGB
_dBDX
_dIAD
_dYDXCP
_dDLC
042 _apcc
050 0 0 _aNA9051
_b.V46 2012
082 0 0 _a720.28
_223
100 1 _aVenhaus, Heather.
_95724
245 1 0 _aDesigning the sustainable site :
_bintegrated design strategies for small-scale sites and residential landscapes /
_cHeather Venhaus.
246 3 0 _aIntegrated design strategies for small-scale sites and residential landscapes
260 _aHoboken, N.J. :
_bJohn Wiley & Sons,
_cc2012.
300 _axi, 235 p. :
_bcol. ill. ;
_c28 cm.
504 _aIncludes bibliographical references and index.
650 0 _aHomesites
_xPlanning
_vCase studies.
_95725
650 0 _aSustainable design
_vCase studies.
_95726
650 0 _aEcological landscape design
_vCase studies.
_95727
906 _a7
_bcbc
_corignew
_d1
_eecip
_f20
_gy-gencatlg
942 _2ddc
_cBK
999 _c353517
_d353517